Party and state reforms in the People's Republic of China (Record no. 5305)

000 -LEADER
fixed length control field 00353pab a2200145 454500
008 - FIXED-LENGTH DATA ELEMENTS--GENERAL INFORMATION
fixed length control field 180718b1983 xxu||||| |||| 00| 0 eng d
100 ## - MAIN ENTRY--PERSONAL NAME
Personal name Saich, Tony
245 ## - TITLE STATEMENT
Title Party and state reforms in the People's Republic of China
260 ## - PUBLICATION, DISTRIBUTION, ETC.
Date of publication, distribution, etc. 1983
300 ## - PHYSICAL DESCRIPTION
Extent 627-39
362 ## - DATES OF PUBLICATION AND/OR SEQUENTIAL DESIGNATION
Dates of publication and/or sequential designation July
650 ## - SUBJECT ADDED ENTRY--TOPICAL TERM
Topical term or geographic name entry element China
773 ## - HOST ITEM ENTRY
Main entry heading Third World Quarterly
909 ## -
-- 5305
Holdings
Withdrawn status Lost status Damaged status Not for loan Permanent Location Current Location Date acquired Serial Enumeration / chronology Barcode Date last seen Price effective from Koha item type
        Indian Institute of Public Administration Indian Institute of Public Administration 2018-07-19 Volume no: 5, Issue no: 3 AR5311 2018-07-19 2018-07-19 Articles

Powered by Koha